| 000 | 00534nam a2200169Ia 4500 | ||
|---|---|---|---|
| 003 | IN-BaIIA | ||
| 008 | 211028s9999 xx 000 0 eng d | ||
| 040 | _cIIA Library | ||
| 080 |
_a726.1 _bLIN |
||
| 100 |
_aLinda, Mary Frances _933346 |
||
| 245 | 0 |
_aMedieval Kalinga hindu temples _cMary Frances Linda |
|
| 260 |
_aBerkeley _bUniversity of California Press _c1986 |
||
| 300 | _axv, 281p. | ||
| 650 |
_aHindu temples-Theses _933347 |
||
| 650 |
_aMedieval Kalinga-Theses _933348 |
||
| 942 | _cBK | ||
| 999 |
_c17621 _d17621 |
||